00430nam a2200157Ia 4500008004100000020000700041082001400048100002400062245002200086250000900108260003900117300003100156500002600187600003300213650002600246240925s9999 xx 000 0 und d aNA a954.91SAR aSarwar, Gul Shahzad 0aPakistan Studies  a14th aKarachi:bQamar Kitab Gharc,2004. axiii,1010p.bNAfPhotocopy aIncludes Bibliography aHumanities & Natural Science aHistory and Geography